| 000 | 01064nam a22002537a 4500 | ||
|---|---|---|---|
| 005 | 20170124102947.0 | ||
| 010 | _aA-805085 | ||
| 020 | _c95.00 | ||
| 035 | _aA-805085 | ||
| 037 | _bCen Lib/Ret | ||
| 040 |
_aDPL _bHN |
||
| 082 |
_a821 _bकाबरा |
||
| 100 |
_aकाबरा, किशोर _950203 |
||
| 245 |
_aमैं एक दर्पण हूँ : _cकिशोरे काबरा _bकाव्य-संग्रह / |
||
| 246 |
_aMein ek darpan hun : kavye -sangreh / _bby Kishore Kabra |
||
| 260 |
_aदिल्ली _bअविराम प्रकाशन _c1996 |
||
| 270 |
_a29/62, गली नं० 11, विश्वासनगर _bदिल्ली _e110051 |
||
| 300 |
_a88पृ. _c21सेमी (सजिल्द) |
||
| 650 |
_aहिंदी साहित्य _950204 |
||
| 650 |
_aहिंदी साहित्य --काव्य _950205 |
||
| 650 |
_aHindi literature _950206 |
||
| 650 |
_aHindi literature--Poetry _950207 |
||
| 942 |
_2ddc _cHN _h821 _mकाबरा |
||
| 999 |
_c113015 _d113015 |
||